000
00269nam a22001337a 4500
008
210226b ||||| |||| 00| 0 eng d
041
_a
eng
080
_a
610.73
082
_a
610.73
100
_a
1
101
_a
1
245
_a
The Basics
_c
Kaplan
942
_2
udc
_c
BK
999
_c
55269
_d
55269